[Event "Gibraltar Masters 2019"]
[Site "Caleta ENG"]
[Date "2019.01.25"]
[Round "4.19"]
[White "Harsha,B"]
[Black "Melkumyan,H"]
[Result "1-0"]
[WhiteElo "2481"]
[BlackElo "2660"]

1.d4 Nf6 2.c4 g6 3.Nc3 d5 4.cxd5 Nxd5 5.e4 Nxc3 6.bxc3 Bg7 7.Bg5 c5 8.Rc1 O-O
9.Nf3 Bg4 10.d5 Qd6 11.Be2 Nd7 12.Nd2 Bxe2 13.Qxe2 e6 14.Nc4 Qa6 15.Ne3 b5
16.O-O c4 17.f4 Rae8 18.Qf3 f6 19.Bh4 Nc5 20.Rce1 Nd3 21.Re2 g5 22.Bg3 f5
23.fxg5 f4 24.Ng4 fxg3 25.Nf6+ Kh8 26.hxg3 Bxf6 27.gxf6 e5 28.Qf5 Rf7 29.g4 Qd6
30.g3 Rg8 31.g5 Rg6 32.Rh2 Kg8 33.Rxh7 Kxh7 34.Kg2 Nf4+ 35.Kf3 Nh5 36.Rh1 Rxf6
37.gxf6 Qxf6 38.Rxh5+ Kg7 39.Qxf6+ Rxf6+ 40.Rf5 Ra6 41.Rxe5 Ra3 42.d6 Rxc3+
43.Ke2 Kf7 44.d7 Rd3 45.Rd5 Rxd5 46.exd5 Ke7 47.g4  1-0

[Event "Gibraltar Masters 2019"]
[Site "Caleta ENG"]
[Date "2019.01.25"]
[Round "4.18"]
[White "Sethuraman,S"]
[Black "Lalith,B"]
[Result "1/2-1/2"]
[WhiteElo "2665"]
[BlackElo "2547"]

1.c4 c5 2.Nf3 Nc6 3.d4 cxd4 4.Nxd4 Nf6 5.Nc3 g6 6.e4 Bg7 7.Be3 O-O 8.Be2 d6
9.Nc2 Nd7 10.Qd2 Nc5 11.f3 a5 12.h4 h5 13.Bh6 Nb4 14.Bxg7 Nxc2+ 15.Qxc2 Kxg7
16.O-O-O Be6 17.f4 Qc8 18.Qd2 f6 19.Kb1 Bg4 20.Bf3 Qe6 21.Qd4 Rad8 22.Nd5 Qd7
23.Qc3 e6 24.Ne3 Qc6 25.Qc2 Bxf3 26.gxf3 f5 27.exf5 Qxf3 28.fxe6 Rde8 29.Qc3+ Kh7
30.f5 gxf5 31.Rhg1 Rg8 32.Rgf1 Qe4+ 33.Ka1 Rg3 34.Qf6 Qxe6 35.Qxf5+ Qxf5
36.Nxf5 Rg2 37.Rxd6 Ree2 38.Rh6+ Kg8 39.Rf6 Nd7 40.Nh6+ Kh8 41.Rf7 Nc5 42.Rc7 Ref2
43.Re1 Re2 44.Rf1 Ref2 45.Rb1 b6 46.Nf7+ Kg8 47.Ne5 a4 48.Ra7 Rg7 49.Ra8+ Kh7
50.a3 Rgg2 51.Ra7+ Kg8 52.Ra8+ Kh7 53.Ra7+ Kg8  1/2-1/2

[Event "Gibraltar Masters 2019"]
[Site "Caleta ENG"]
[Date "2019.01.25"]
[Round "4.17"]
[White "Hjartarson,J"]
[Black "Eljanov,P"]
[Result "1/2-1/2"]
[WhiteElo "2530"]
[BlackElo "2680"]

1.e4 e5 2.Nf3 Nc6 3.Bb5 g6 4.d4 exd4 5.Bg5 Be7 6.Bxe7 Qxe7 7.Bxc6 dxc6 8.Qxd4 Nf6
9.Nc3 Bg4 10.Nd2 c5 11.Qe3 O-O-O 12.h3 Be6 13.O-O-O b6 14.f4 Kb8 15.g4 Bc8
16.g5 Nh5 17.Nf3 Qe6 18.Rxd8 Rxd8 19.Ne5 Re8 20.Ng4 Rd8 21.Rf1 Qc4 22.Rf2 Re8
23.Ne5 Qe6 24.Ng4 f5 25.gxf6 Nxf6 26.Nxf6 Qxf6 27.Qg3 Rd8 28.h4 Qd4 29.a4 Bg4
30.Kb1 Be6 31.Rf1 Bc4 32.Rh1  1/2-1/2

[Event "Gibraltar Masters 2019"]
[Site "Caleta ENG"]
[Date "2019.01.25"]
[Round "4.16"]
[White "Grandelius,N"]
[Black "Kadric,D"]
[Result "1-0"]
[WhiteElo "2682"]
[BlackElo "2545"]

1.d4 d6 2.g3 e5 3.dxe5 dxe5 4.Qxd8+ Kxd8 5.Nc3 Be6 6.f4 e4 7.Nh3 h6 8.Nf2 f5
9.Bh3 Nc6 10.Be3 Ke7 11.g4 g6 12.gxf5 gxf5 13.Nb5 Rc8 14.Bc5+ Kf6 15.Bxf8 Rxf8
16.Nxc7 Nd4 17.Nxe6 Kxe6 18.Rd1 Nxc2+ 19.Kd2 Nb4 20.Nxe4 Rd8+ 21.Ke3 Ne7
22.a3 Nbd5+ 23.Kf3 Ng6 24.Nc5+ Kf6 25.Nxb7 Rd7 26.Nc5 Rdd8 27.e3 Nb6 28.Nb7 Rb8
29.Rd6+ Kf7 30.Na5  1-0

[Event "Gibraltar Masters 2019"]
[Site "Caleta ENG"]
[Date "2019.01.25"]
[Round "4.15"]
[White "Adhiban,Baskaran"]
[Black "Vazquez Igarza,R"]
[Result "1-0"]
[WhiteElo "2689"]
[BlackElo "2567"]

1.e4 c5 2.Nf3 e6 3.d4 cxd4 4.Nxd4 Nc6 5.Nc3 d6 6.Be3 Nf6 7.Be2 Be7 8.O-O O-O
9.Kh1 Bd7 10.f4 Nxd4 11.Bxd4 Bc6 12.Bd3 Nd7 13.Qe2 e5 14.Be3 exf4 15.Bxf4 Ne5
16.Bxe5 dxe5 17.Bc4 Bc5 18.Bxf7+ Kh8 19.Bd5 Bd4 20.Qc4 Qb6 21.Rxf8+ Rxf8
22.Rf1 Rd8 23.b3 h6 24.Ne2 Bb5 25.Qb4 Bc5 26.Qe1 Bxe2 27.Qxe2 Rf8 28.Rxf8+ Bxf8
29.Qf1 Qf6 30.Qxf6 gxf6 31.Bxb7 Kg7 32.Kg1 Kf7 33.Bd5+ Ke8 34.Kf2 Kd7 35.Kf3  1-0

[Event "Gibraltar Masters 2019"]
[Site "Caleta ENG"]
[Date "2019.01.25"]
[Round "4.14"]
[White "Muzychuk,M"]
[Black "Saric,Iv"]
[Result "1/2-1/2"]
[WhiteElo "2540"]
[BlackElo "2690"]

1.e4 c5 2.Nf3 d6 3.Bb5+ Nd7 4.d4 cxd4 5.Qxd4 a6 6.Bxd7+ Bxd7 7.c4 Nf6 8.Bg5 e6
9.Nc3 Bc6 10.O-O Be7 11.Qd3 O-O 12.Nd4 Qc7 13.Rfd1 Rfc8 14.Rac1 Nxe4 15.Bxe7 Nxc3
16.Bxd6 Qxd6 17.Rxc3 Be8 18.Qf3 Qb4 19.b3 Rab8 20.h3 b5 21.Rdc1 bxc4 22.Rxc4 Rxc4
23.Rxc4 Qe1+ 24.Kh2 Rd8 25.Qe3 Qxe3 26.fxe3 Kf8 27.Rc7 Rd6 28.Kg3 e5 29.Nf3 f6
30.Kf2 Bg6 31.g4 Bb1 32.Ke2 Bd3+ 33.Ke1 Bb5 34.a4 Bc6 35.Ke2 Bd5 36.Nd2 Rb6
37.Ra7 Bg2 38.Kf2 Bb7 39.h4 Rb4 40.Kg3 g6 41.Kf2 h5 42.gxh5 gxh5 43.Nc4 Rxb3
44.Nd6 Rb2+ 45.Kg3 Bd5 46.Rxa6 Rg2+ 47.Kh3 Rf2 48.e4 Be6+ 49.Kg3 Ra2 50.Nf5 Kf7
51.Ra7+ Kf8 52.Ra8+  1/2-1/2

[Event "Gibraltar Masters 2019"]
[Site "Caleta ENG"]
[Date "2019.01.25"]
[Round "4.13"]
[White "Jones,G"]
[Black "Ramirez,Alej"]
[Result "1/2-1/2"]
[WhiteElo "2691"]
[BlackElo "2567"]

1.e4 e6 2.d4 d5 3.Nd2 dxe4 4.Nxe4 Nd7 5.Nf3 Ngf6 6.Nxf6+ Nxf6 7.g3 b6 8.Bb5+ Bd7
9.a4 a6 10.Be2 Bc6 11.O-O Nd7 12.Bc4 Be7 13.d5 exd5 14.Nd4 Bb7 15.Nf5 dxc4
16.Nxg7+ Kf8 17.Bh6 Kg8 18.Re1 Bf8 19.Re8 Qf6 20.Qxd7 Rxe8 21.Nxe8 Qxh6 22.Qg4+ Qg6
23.Nf6+ Kg7 24.Ne8+ Kg8 25.Nf6+ Kg7 26.Ne8+ Kg8 27.Nf6+ Kg7  1/2-1/2

[Event "Gibraltar Masters 2019"]
[Site "Caleta ENG"]
[Date "2019.01.25"]
[Round "4.12"]
[White "Santos Ruiz,Miguel"]
[Black "Cheparinov,I"]
[Result "1/2-1/2"]
[WhiteElo "2543"]
[BlackElo "2691"]

1.c4 e5 2.Nc3 Nf6 3.Nf3 Nc6 4.g3 d5 5.cxd5 Nxd5 6.Bg2 Nb6 7.O-O Be7 8.b3 O-O
9.Bb2 Be6 10.d4 exd4 11.Nb5 Bd5 12.Qd2 Bf6 13.Rad1 Re8 14.Rfe1 Rc8 15.Nbxd4 Nxd4
16.Bxd4 c5 17.Bxf6 Qxf6 18.Qa5 Qc6 19.Rd2 h6 20.Red1 Qc7 21.Qc3 Be6 22.Ne5 Bxb3
23.axb3 Qxe5 24.Qxe5 Rxe5 25.Bxb7 Rc7 26.Ba6 g6 27.Rc1 Kg7 28.Rdc2 h5 29.b4 c4
30.Bxc4 Rxc4 31.Rxc4 Nxc4 32.Rxc4  1/2-1/2

[Event "Gibraltar Masters 2019"]
[Site "Caleta ENG"]
[Date "2019.01.26"]
[Round "5.44"]
[White "Sadzikowski,D"]
[Black "Solomon,K"]
[Result "1-0"]
[WhiteElo "2534"]
[BlackElo "2413"]

1.d4 Nf6 2.c4 e6 3.Nc3 Bb4 4.Nf3 O-O 5.Bg5 h6 6.Bh4 c5 7.e3 cxd4 8.exd4 d5
9.Rc1 dxc4 10.Bxc4 Nc6 11.O-O Be7 12.a3 Nd5 13.Bxd5 exd5 14.Bxe7 Nxe7 15.Qb3 Rb8
16.Qa4 a6 17.Ne5 Bf5 18.Rfe1 Qd6 19.Qb3 Be6 20.Na4 b6 21.Qd3 Ra8 22.Nc3 Rfe8
23.h3 Bf5 24.Qf3 Be6 25.Qe2 f6 26.Nc4 dxc4 27.Qxe6+ Qxe6 28.Rxe6 Nf5 29.Rxb6 Nxd4
30.Rd1 Rad8 31.Kf1 a5 32.Rb7 Nb3 33.Rxd8 Rxd8 34.Re7 Kf8 35.Re2 Nc5 36.g3 Rb8
37.Rc2 Kf7 38.Nd1 Nd3 39.Rxc4 Nxb2 40.Nxb2 Rxb2 41.Rc5 a4 42.Ra5 h5 43.Rxa4 Ra2
44.Ra7+ Kg6 45.h4 Kf5 46.Ra5+ Kg4 47.Kg2 g5 48.Ra4+ Kf5 49.g4+ Kg6 50.hxg5 Kxg5
51.gxh5 Kxh5 52.Kg3 f5 53.Rh4+ Kg5 54.a4 Ra3+ 55.f3 Ra2 56.Rb4 Ra3 57.Rc4 Ra2
58.f4+ Kf6 59.Kf3 Ke6 60.Rd4 Ra3+ 61.Ke2 Rc3 62.Kd2 Rc5 63.Kd1 Rc3 64.Ke2 Rc2+
65.Ke3 Rc5 66.Kd2 Ke7 67.Kd3 Rc1 68.Rc4 Ra1 69.Kc2 Kd6 70.Kb2 Rf1 71.a5 Kd5
72.Ra4 Rh1 73.a6 Rh8 74.a7 Ra8 75.Kc3 Kc5 76.Ra5+ Kb6 77.Kb4 Kc6 78.Kc4 Kb6
79.Ra4 Kb7 80.Kd5 Rd8+ 81.Ke6 Ka8 82.Kxf5  1-0

[Event "Gibraltar Masters 2019"]
[Site "Caleta ENG"]
[Date "2019.01.26"]
[Round "5.18"]
[White "Zanan,E"]
[Black "Short,N"]
[Result "0-1"]
[WhiteElo "2528"]
[BlackElo "2648"]

1.d4 e6 2.c4 Bb4+ 3.Bd2 a5 4.g3 d5 5.Bg2 dxc4 6.Nf3 Nc6 7.e3 Nge7 8.O-O O-O
9.Qc1 b5 10.a4 bxa4 11.Ne5 Ra6 12.Nxc4 Bb7 13.Nc3 Qa8 14.f3 Nb8 15.Nxa4 Nd7
16.Qc2 f5 17.Rae1 Qa7 18.Kh1 c5 19.dxc5 Nxc5 20.Bxb4 axb4 21.Nxc5 Qxc5 22.e4 fxe4
23.fxe4 Raa8 24.b3 Nc6 25.Qd3 Nd4 26.Rxf8+ Rxf8 27.Rd1 Rd8 28.Qe3 Ba6 29.Bf1 h6
30.e5 Rd7 31.Nd6 Bxf1 32.Rxf1 Qd5+ 33.Kg1 Nxb3 34.Qf4 Nd4 35.Qf8+ Kh7 36.Qe8 Ra7
37.Nf7 Nf3+ 38.Kf2 Ra2+  0-1

[Event "Gibraltar Masters 2019"]
[Site "Caleta ENG"]
[Date "2019.01.26"]
[Round "5.16"]
[White "Eljanov,P"]
[Black "Muzychuk,M"]
[Result "1/2-1/2"]
[WhiteElo "2680"]
[BlackElo "2540"]

1.e4 e5 2.Nf3 Nf6 3.Nxe5 d6 4.Nf3 Nxe4 5.c4 Nc6 6.d3 Nf6 7.d4 d5 8.c5 a6
9.Nc3 Bg4 10.Be2 Be7 11.h3 Bh5 12.Be3 O-O 13.O-O Ne4 14.Qb3 Nxc3 15.bxc3 b6
16.Rfe1 Qd7 17.Rad1 Rfb8 18.Ne5 Nxe5 19.dxe5 Bxe2 20.Rxe2 Qe6 21.cxb6 cxb6
22.Rxd5 b5 23.c4 bxc4 24.Qxc4 h6 25.Red2 Rb4 26.Qd3 Rc8 27.Kh2 Rbc4 28.f4 Rc3
29.Qe4 R3c4 30.Qf3 Qf5 31.Rd7 Bc5 32.Rd8+ Rxd8 33.Rxd8+ Kh7 34.Bxc5 Rxc5
35.Rd4 g5 36.Qe3 gxf4 37.Rxf4 Qxe5 38.Qxe5 Rxe5 39.Rxf7+ Kg6 40.Rf4 a5 41.a4 Re3
42.Rg4+ Kh7 43.h4 Rb3 44.g3 Rb2+ 45.Kh3 Rb4 46.h5 Rb2 47.Rf4 Rb4 48.Kg4 Rb3
49.Re4 Kg7 50.Kf4 Kf6 51.g4 Ra3 52.Rc4 Ra1 53.Rc6+ Kg7 54.Rc7+ Kg8 55.Rc4 Kf7
56.Ke5 Re1+ 57.Re4 Rb1 58.Rf4+ Kg7 59.Kd5 Rc1 60.Kd6 Rc2 61.Kd5 Rc1 62.Rc4 Rb1
63.Kd4 Kf6 64.Kc3 Rc1+ 65.Kb3 Rb1+ 66.Kc3 Rc1+ 67.Kd3 Ra1 68.Rf4+ Kg7 69.Kc3 Ra3+
70.Kc2 Rg3 71.Kb2 Kg8 72.Rf5 Rxg4 73.Rxa5 Rh4 74.Ra7 Rxh5 75.Rb7 Rg5 76.Kb3 Kf8
77.Kb4 Ke8 78.a5 Kd8 79.a6 Kc8 80.Rb6 Rg4+  1/2-1/2

[Event "Gibraltar Masters 2019"]
[Site "Caleta ENG"]
[Date "2019.01.26"]
[Round "5.22"]
[White "Henderson de La Fuente,Lance"]
[Black "Vocaturo,D"]
[Result "1-0"]
[WhiteElo "2489"]
[BlackElo "2626"]

1.e4 e5 2.Nf3 Nc6 3.Bb5 a6 4.Ba4 d6 5.c3 Bd7 6.O-O g6 7.d4 Bg7 8.dxe5 Nxe5
9.Nxe5 dxe5 10.Be3 Nf6 11.Nd2 Qe7 12.b4 b6 13.f3 O-O 14.Bxd7 Qxd7 15.Nc4 Qe6
16.Qb3 Rfd8 17.Nb2 Qe7 18.a4 Nh5 19.g3 Bf6 20.Rfd1 Bg5 21.Bf2 Rxd1+ 22.Rxd1 Rd8
23.Rd3 b5 24.c4 Rxd3 25.Nxd3 Qe6 26.Nc5 bxa4 27.Qc2 Qc6 28.Nxa4 Nf6 29.Qa2 Nd7
30.Nc3 Qb7 31.b5 Nb8 32.Kg2 Qc8 33.Qa3 axb5 34.cxb5 Nd7 35.Qa6 Qd8 36.Qc6 Be7
37.Nd5 Nf6 38.Nxc7 Qd2 39.b6 Nd7 40.b7 Bc5 41.b8=Q+ Kg7 42.Ne6+ fxe6 43.Qxd7+  1-0

[Event "Gibraltar Masters 2019"]
[Site "Caleta ENG"]
[Date "2019.01.26"]
[Round "5.20"]
[White "Iturrizaga,E"]
[Black "Hjartarson,J"]
[Result "1-0"]
[WhiteElo "2637"]
[BlackElo "2530"]

1.c4 Nf6 2.g3 g6 3.Bg2 Bg7 4.Nc3 O-O 5.d4 d6 6.e4 c5 7.Nge2 cxd4 8.Nxd4 Nc6
9.Nde2 a6 10.a4 Rb8 11.O-O Nd7 12.Rb1 a5 13.Be3 Nc5 14.b3 Nb4 15.Nd4 Bd7
16.Qd2 Bc6 17.Rfd1 Re8 18.h4 Qc8 19.Nd5 e5 20.Nb5 Bxb5 21.cxb5 Nxd5 22.Qxd5 Bf8
23.Bf1 Qg4 24.Bc4 Qf3 25.Rd2 Re6 26.Rbd1 h6 27.b6 g5 28.Bxc5 dxc5 29.hxg5 hxg5
30.Qd3 Qxd3 31.Rxd3 Rxb6 32.Rf3 Rd6 33.Rxd6 Bxd6 34.Rxf7 Kh8 35.Rd7 Bf8 36.Kg2 Bg7
37.Kh3 Rf8 38.Bf7 b6 39.Kg4 Bf6 40.Rb7 Bd8 41.Kf5 Kg7 42.Ke6 g4 43.Rd7 Bg5
44.Bh5+ Kg8 45.Bxg4 Rxf2 46.Kxe5 Kf8 47.Be6 Rf3 48.g4 Ke8 49.Rb7 Bf4+ 50.Kf6 Bc7+
51.Bf5  1-0

[Event "Gibraltar Masters 2019"]
[Site "Caleta ENG"]
[Date "2019.01.26"]
[Round "5.71"]
[White "Benmesbah,N"]
[Black "Buksa,N"]
[Result "1/2-1/2"]
[WhiteElo "2252"]
[BlackElo "2420"]

1.e4 c5 2.Nf3 Nc6 3.Bb5 g6 4.O-O Bg7 5.Re1 e5 6.Bxc6 dxc6 7.d3 Qe7 8.Nc3 Nf6
9.a3 O-O 10.Be3 Rd8 11.Qb1 a5 12.Na4 Nd7 13.b4 axb4 14.axb4 cxb4 15.Nb6 Nxb6
16.Bxb6 Rxa1 17.Qxa1 Re8 18.Qa5 Bf8 19.Nd2 Qg5 20.Be3 Qf6 21.Ra1 Be6 22.Qb6 Qe7
23.Ra5 Qd7 24.Ra7 Rb8 25.h3 f6 26.Ra1 Qd8 27.Ra7 Qc8 28.d4 exd4 29.Bxd4 Be7
30.Nf3 Qd8 31.Qxd8+ Rxd8 32.Rxb7 Kf8 33.Be3 c5 34.e5 Bd5 35.Rc7 fxe5 36.Nxe5 Re8
37.Nd7+ Kg8 38.Nxc5 Bf6 39.Nd7 Bg7 40.Nb6 Bf7 41.Rc8 Rxc8 42.Nxc8 Bf8 43.Nb6 Ba2
44.Nd7 Bb1 45.Nxf8 Kxf8 46.Bc5+ Kf7 47.Bxb4 Bxc2  1/2-1/2

[Event "Gibraltar Masters 2019"]
[Site "Caleta ENG"]
[Date "2019.01.26"]
[Round "5.43"]
[White "Puranik,A"]
[Black "Tsolakidou,Stavroula"]
[Result "0-1"]
[WhiteElo "2536"]
[BlackElo "2414"]

1.e4 c5 2.Nf3 e6 3.d4 cxd4 4.Nxd4 Nc6 5.Nc3 Qc7 6.Be3 a6 7.Qf3 Nf6 8.O-O-O Rb8
9.Be2 Bb4 10.Nxc6 bxc6 11.Bd4 Bd6 12.Qd3 c5 13.Bxf6 Bf4+ 14.Kb1 gxf6 15.b3 Qa5
16.h4 Be5 17.Rh3 Rb4 18.Qd2 Bd4 19.Nd5 exd5 20.c3 Bxc3 21.Rxc3 Rxe4 22.Bf3 Re5
23.Bxd5 Kd8 24.Bxf7 Qb4 25.f4 Re4 26.a3 Qb6 27.Qc2 Bb7 28.Rxc5 Rf8 29.Bd5 Rxf4
30.Bc6 Bxc6 31.Rxc6 Qb7 32.Rcd6 Rf7 33.Re1 Rxh4 34.Qd3 Re7 35.Rxe7 Kxe7 36.Rd5 Qc6
37.Qd2 Re4 38.Rh5 Qe6 39.Rxh7+ Ke8 40.Rh8+ Kf7 41.Qd3 Qf5 42.Rh3 Re1+  0-1

[Event "Gibraltar Masters 2019"]
[Site "Caleta ENG"]
[Date "2019.01.26"]
[Round "5.69"]
[White "Francois-Haugrin,Said"]
[Black "Reuben,S"]
[Result "1/2-1/2"]
[WhiteElo "1825"]
[BlackElo "1989"]

1.e4 c5 2.Nf3 g6 3.d4 Bg7 4.c3 Qc7 5.dxc5 Qxc5 6.Be3 Qc7 7.h3 Nc6 8.Bd3 Nf6
9.Bc2 O-O 10.O-O b6 11.Nd4 Ba6 12.Re1 e5 13.Nxc6 dxc6 14.Qf3 Rad8 15.Na3 Bd3
16.Rad1 Bxc2 17.Nxc2 Nd7 18.Qg3 Kh8 19.Qh4 f6 20.f3 Rfe8 21.Qf2 Nf8 22.Qe2 Ne6
23.Rxd8 Rxd8 24.Rd1 Bf8 25.Kf1 Rd7 26.Rxd7 Qxd7 27.Qd2 Qxd2 28.Bxd2 Kg7 29.Ke2 Kf7
30.g3 f5 31.Ne3 fxe4 32.fxe4 h5 33.Nc4 Kf6 34.h4 Nc5 35.Bg5+ Ke6 36.Ke3 Na4
37.Kd2 b5 38.Na5 Kd7 39.b4 c5 40.a3 cxb4 41.axb4 Bd6 42.Kc2 Bc7 43.Nb3 Bb6
44.Nc1 Bg1  1/2-1/2

[Event "Gibraltar Masters 2019"]
[Site "Caleta ENG"]
[Date "2019.01.26"]
[Round "5.21"]
[White "Chandra,Akshat"]
[Black "Indjic,A"]
[Result "1/2-1/2"]
[WhiteElo "2492"]
[BlackElo "2630"]

1.e4 c5 2.Nf3 d6 3.Bb5+ Nd7 4.d4 cxd4 5.Qxd4 a6 6.Bxd7+ Bxd7 7.Nc3 e5 8.Qd3 h6
9.O-O Nf6 10.a4 Rc8 11.Rd1 Qc7 12.Nd2 Be7 13.Nf1 O-O 14.Ne3 Be6 15.Bd2 Qc5
16.Be1 Rfd8 17.a5 Rc7 18.b3 g6 19.Kh1 Qc6 20.f3 Kg7 21.Rac1 h5 22.Qe2 Rdc8
23.Ncd5 Bxd5 24.Nxd5 Nxd5 25.Rxd5 Bg5 26.Bd2 Bxd2 27.Qxd2 Qc3 28.h4 Qxd2
29.Rxd2 Rc3 30.Rxd6 Rxb3 31.cxb3 Rxc1+ 32.Kh2 Rc5 33.Rb6 Rb5 34.Rxb5 axb5
35.b4 Kf6 36.g4 hxg4 37.fxg4 g5  1/2-1/2

[Event "Gibraltar Masters 2019"]
[Site "Caleta ENG"]
[Date "2019.01.26"]
[Round "5.5"]
[White "Khademalsharieh,S"]
[Black "Adhiban,Baskaran"]
[Result "1/2-1/2"]
[WhiteElo "2468"]
[BlackElo "2689"]

1.d4 Nf6 2.c4 e6 3.Nf3 d5 4.Nc3 c6 5.e3 Nbd7 6.Qc2 Bd6 7.b3 O-O 8.Be2 b6
9.O-O Bb7 10.Bb2 Rc8 11.e4 Nxe4 12.Nxe4 dxe4 13.Qxe4 Nf6 14.Qh4 c5 15.Rad1 Ne4
16.Qxd8 Rfxd8 17.Rd3 cxd4 18.Bxd4 Nc5 19.Rdd1 f6 20.b4 Ne4 21.a3 e5 22.Ba1 a5
23.Rb1 axb4 24.axb4 Be7 25.Rfc1 Kf8 26.Rb3 Nd6 27.Bb2 Ba6 28.Nd2 Rc7 29.Bf1 Nf5
30.Bc3 Nd4 31.Ra3 Bb7 32.Nb3 Nxb3  1/2-1/2

[Event "Gibraltar Masters 2019"]
[Site "Caleta ENG"]
[Date "2019.01.26"]
[Round "5.23"]
[White "Moussard,J"]
[Black "Lemos,D"]
[Result "1/2-1/2"]
[WhiteElo "2605"]
[BlackElo "2474"]

1.e4 e5 2.Nf3 Nc6 3.Bb5 a6 4.Ba4 Nf6 5.Nc3 d6 6.Bxc6+ bxc6 7.d4 exd4 8.Nxd4 Bd7
9.O-O Be7 10.h3 O-O 11.Qf3 Re8 12.b3 h6 13.Bb2 Nh7 14.Qd3 Bf6 15.f4 c5 16.Nde2 Bb5
17.Nxb5 Bxb2 18.Rab1 axb5 19.Rxb2 Nf6 20.Ng3 c4 21.bxc4 bxc4 22.Qf3 Rb8 23.Rxb8 Qxb8
24.c3 Qa7+ 25.Rf2 h5 26.e5 dxe5 27.fxe5 Rxe5 28.Kh2 Qe3 29.Nf5 Qxf3 30.Rxf3 Ra5
31.Rf4 Rxa2 32.Rxc4 Rf2 33.Ne7+ Kh7 34.Rxc7 h4  1/2-1/2

[Event "Gibraltar Masters 2019"]
[Site "Caleta ENG"]
[Date "2019.01.26"]
[Round "5.24"]
[White "Libiszewski,F"]
[Black "Lagarde,Max"]
[Result "1/2-1/2"]
[WhiteElo "2481"]
[BlackElo "2604"]

1.e4 c5 2.Nf3 e6 3.d4 cxd4 4.Nxd4 Nf6 5.Nc3 Nc6 6.Nxc6 bxc6 7.e5 Nd5 8.Ne4 Qc7
9.f4 Qb6 10.c4 Bb4+ 11.Ke2 Ba6 12.Kf3 f5 13.Nf2 Ne7 14.Be3 Bc5 15.Bxc5 Qxc5
16.Qd6 Qa5 17.Be2 g5 18.Rhd1 g4+ 19.Kg3 Qd8 20.h3 Rg8 21.Qa3 Ng6 22.Kh2 Nxf4
23.Bxg4 fxg4 24.Ne4 Qh4 25.Nd6+ Kd8 26.Nf7+ Ke8 27.Nd6+ Kd8 28.Nf7+ Ke8 29.Nd6+  1/2-1/2

[Event "Gibraltar Masters 2019"]
[Site "Caleta ENG"]
[Date "2019.01.26"]
[Round "5.25"]
[White "Lei Tingjie"]
[Black "Deac,Bogdan-Daniel"]
[Result "1/2-1/2"]
[WhiteElo "2447"]
[BlackElo "2603"]

1.e4 c5 2.Nf3 Nc6 3.d4 cxd4 4.Nxd4 Nf6 5.Nc3 e5 6.Ndb5 d6 7.Bg5 a6 8.Na3 b5
9.Nd5 Be7 10.Bxf6 Bxf6 11.c3 Rb8 12.Nc2 Bg5 13.g3 O-O 14.Bg2 a5 15.O-O b4
16.cxb4 axb4 17.b3 Be6 18.Qd3 Qa5 19.a3 bxa3 20.Rxa3 Qb5 21.Qxb5 Rxb5 22.Nc7 Rc5
23.Nxe6 fxe6 24.Ra2 Rb8 25.Bh3 Kf7 26.Rd1 Be7 27.Rd3 d5 28.b4 dxe4 29.Re3 Nxb4
30.Nxb4 Rxb4 31.Ra6 Rc2 32.Bxe6+ Ke8 33.Ra8+ Bd8 34.Ra2 Rb1+ 35.Kg2 Rxa2
36.Bxa2 Rb2 37.Bc4 Bb6 38.Re2 Rxe2 39.Bxe2  1/2-1/2

[Event "Gibraltar Masters 2019"]
[Site "Caleta ENG"]
[Date "2019.01.26"]
[Round "5.26"]
[White "Bulmaga,I"]
[Black "Antipov,M2"]
[Result "0-1"]
[WhiteElo "2407"]
[BlackElo "2589"]

1.e4 c5 2.Nf3 e6 3.d4 cxd4 4.Nxd4 a6 5.c4 Nf6 6.Nc3 Bb4 7.Qd3 O-O 8.Be2 d6
9.O-O Nbd7 10.Nb3 b6 11.Bf4 Bxc3 12.bxc3 e5 13.Bg5 h6 14.Bxf6 Nxf6 15.Rfd1 Ne8
16.Nd2 Be6 17.Nf1 Qb8 18.f3 Qc7 19.Rab1 Rd8 20.Qe3 Rb8 21.Qd3 Qc5+ 22.Qe3 Qc6
23.Qd3 g6 24.Kh1 Kg7 25.Ne3 Qc5 26.Nd5 Bxd5 27.Qxd5 Qf2 28.Bf1 Qxa2 29.c5 Qxd5
30.Rxd5 dxc5 31.Rxc5 Nf6 32.Rc6 a5 33.Rcxb6 Rxb6 34.Rxb6 Ra8 35.Rb3 a4 36.Ra3 Nd7
37.Kg1 Nc5 38.Bb5 Rb8 39.c4 Rd8 40.Ra2 Ra8 41.Ra3 f5 42.exf5 gxf5 43.Kf2 Kf6
44.Ke2 h5 45.g3 e4 46.Ke3 Ke5 47.f4+ Kd6 48.Kd4 h4 49.gxh4 Rh8 50.Bxa4 Rxh4
51.Rg3 Nxa4 52.Rg6+ Kd7 53.Ke5 e3 54.Rg7+ Kc6 55.Kxf5 e2 56.Re7 Nc3 57.Kg5 Rh7
58.Re5 Rg7+ 59.Kf6 Rg1 60.h4 Rg4  0-1

[Event "Gibraltar Masters 2019"]
[Site "Caleta ENG"]
[Date "2019.01.26"]
[Round "5.27"]
[White "Melkumyan,H"]
[Black "Bilguun,Sumiya"]
[Result "1-0"]
[WhiteElo "2660"]
[BlackElo "2471"]

1.e4 c5 2.Nf3 e6 3.d4 cxd4 4.Nxd4 a6 5.Bd3 g6 6.O-O Bg7 7.c3 Nf6 8.e5 Nd5
9.Be4 O-O 10.Nf3 d6 11.c4 Nb6 12.Bg5 f6 13.exf6 Bxf6 14.Bxf6 Qxf6 15.Qb3 N6d7
16.Nc3 Nc5 17.Qc2 Nc6 18.Rad1 Qe7 19.Rfe1 Rb8 20.Qd2 Rd8 21.Bxc6 bxc6 22.b4 Nb7
23.c5 dxc5 24.Qf4 Bd7 25.Ne4 e5 26.Nxe5 Rf8 27.Rxd7  1-0

[Event "Gibraltar Masters 2019"]
[Site "Caleta ENG"]
[Date "2019.01.26"]
[Round "5.30"]
[White "Anton Guijarro,D"]
[Black "Gukesh,D"]
[Result "1/2-1/2"]
[WhiteElo "2642"]
[BlackElo "2497"]

1.Nf3 d5 2.c4 c6 3.e3 Nf6 4.Nc3 e6 5.b3 Nbd7 6.Qc2 b6 7.g3 Bb7 8.Bg2 Be7
9.O-O O-O 10.Bb2 Rc8 11.d3 e5 12.Rad1 Qc7 13.Bh3 Rcd8 14.Nh4 Rfe8 15.Ne2 Bf8
16.cxd5 Nxd5 17.a3 c5 18.e4 Ne7 19.f4 Nc6 20.Nf3 Bd6 21.Rf2 Ba6 22.Kh1 Nf6
23.Qc1 Bc8 24.Bxc8 Qxc8 25.Rff1 Bb8 26.Bc3 a5 27.a4 Qe6 28.fxe5 Nxe5 29.Bxe5 Bxe5
30.Nxe5 Qxe5 31.Qc3 Qxc3 32.Nxc3 Rd4 33.Nb5 Rd7 34.Na3 Red8 35.Rf3 Nxe4 36.Nc4 Nc3
37.Re1 Nd5 38.g4 h6 39.h4 g6 40.g5 hxg5 41.hxg5 Kg7 42.Kg2 Rh8 43.Kg3 Rh5
44.Re5 Rh1 45.Kg2 Rh5 46.Kg3 Kf8 47.Kg2 Rd8 48.Kf1 Rh1+ 49.Kg2 Rb1 50.Re4 Rxb3
51.Ne5 Rb2+ 52.Kh3 Kg8 53.Rxf7 Rb4 54.Rb7 Re8 55.Nxg6 Rexe4 56.dxe4 Rxe4
57.Rd7 Nf4+ 58.Nxf4 Rxf4 59.Rb7 Rb4 60.Kg3 c4 61.Kf3 c3 62.Ke2 c2 63.Kd2 Rxa4
64.Rxb6 Rc4 65.Kc1 a4 66.Rb2 a3 67.Ra2 Rc3 68.Ra1 Kg7 69.Kd2 Rc4 70.Kc1 Rc3
71.Kd2  1/2-1/2

[Event "Gibraltar Masters 2019"]
[Site "Caleta ENG"]
[Date "2019.01.26"]
[Round "5.31"]
[White "Harika,D"]
[Black "Tari,A"]
[Result "0-1"]
[WhiteElo "2471"]
[BlackElo "2625"]

1.d4 d5 2.c4 e6 3.Nc3 Bb4 4.g3 Nf6 5.Bg2 O-O 6.Nf3 dxc4 7.O-O Nc6 8.Qa4 Nd5
9.Qc2 Nb6 10.Rd1 Be7 11.e4 Bd7 12.Be3 Qc8 13.Qe2 Re8 14.h4 Bf8 15.Bf4 Nb4
16.Ne5 c5 17.Be3 cxd4 18.Bxd4 Nc6 19.Nxd7 Nxd7 20.Qxc4 Nde5 21.Bxe5 Nxe5
22.Qe2 Qc5 23.Kh1 Rad8 24.Rxd8 Rxd8 25.Rd1 Rxd1+ 26.Nxd1 Qd4 27.Bf3 Bc5 28.Kg2 g6
29.b3 b5 30.Ne3 h5 31.Nd1 a5 32.Nb2 a4 33.bxa4 bxa4 34.Nd1 a3 35.Ne3 Qb2
36.Nd1 Qc1 37.Kf1 Bd4 38.Kg2 Qb1 39.Qd2 Bb2 40.Be2 Qxa2 41.f4 Qb1 42.fxe5 a2
43.Qd8+ Kh7 44.Qe7 Qxe4+ 45.Bf3 Qxe5 46.Bxh5 Qxh5 47.Nxb2 Qe2+  0-1

[Event "Gibraltar Masters 2019"]
[Site "Caleta ENG"]
[Date "2019.01.26"]
[Round "5.32"]
[White "Maze,S"]
[Black "Repka,C"]
[Result "1-0"]
[WhiteElo "2596"]
[BlackElo "2491"]

1.e4 e5 2.Nf3 Nc6 3.Bb5 a6 4.Ba4 Nf6 5.O-O Be7 6.d3 d6 7.a3 O-O 8.Nc3 Bg4
9.Be3 d5 10.exd5 Nxd5 11.h3 Bh5 12.Nxd5 Qxd5 13.Bb3 Qd7 14.Nxe5 Nxe5 15.Qxh5 Bf6
16.d4 g6 17.Qe2 Nc6 18.c3 Na5 19.Ba2 Qa4 20.b4  1-0

[Event "Gibraltar Masters 2019"]
[Site "Caleta ENG"]
[Date "2019.01.26"]
[Round "5.33"]
[White "Svane,R"]
[Black "Krishna,CRG"]
[Result "1-0"]
[WhiteElo "2594"]
[BlackElo "2469"]

1.e4 e6 2.d4 d5 3.Nd2 Nf6 4.e5 Nfd7 5.Bd3 c5 6.c3 Nc6 7.Ne2 a5 8.O-O a4 9.a3 cxd4
10.cxd4 Nb6 11.Nf3 Be7 12.Be3 Bd7 13.Nd2 Na5 14.Nf4 g6 15.Rc1 Bc6 16.Qe2 Qd7
17.Rfe1 Rc8 18.Rc3 Rc7 19.Rec1 Kd8 20.Nh3 Kc8 21.Ng5 Bd8 22.Ngf3 Kb8 23.Rc5 Nac4
24.Bxc4 dxc4 25.Nxc4 Nxc4 26.R5xc4 Bd5 27.Rc5 Rg8 28.Rxc7 Bxc7 29.Ng5 h6
30.Nh7 Bd8 31.Nf6 Bxf6 32.exf6 g5 33.Bd2 Rc8 34.Rxc8+ Qxc8 35.Bc3 Qc4 36.Qe5+ Ka7
37.h3 Qd3 38.Bb4 Qb1+ 39.Kh2 Qf1 40.f3 Qc1 41.Qd6 b6 42.Qd7+ Ka6 43.Qxa4+ Kb7
44.Qd7+ Ka6 45.Qa4+ Kb7 46.Qd7+ Ka6 47.Bd6 Bxf3 48.Qa4+ Kb7 49.Qd7+ Ka6 50.Bb8 Bc6
51.Qa7+ Kb5 52.b3  1-0

[Event "Gibraltar Masters 2019"]
[Site "Caleta ENG"]
[Date "2019.01.26"]
[Round "5.111"]
[White "Pakosta,M"]
[Black "Avila Fraire,Ameyalli"]
[Result "1-0"]
[WhiteElo "2166"]
[BlackElo "1994"]

1.e4 c5 2.c3 Nf6 3.e5 Nd5 4.d4 cxd4 5.Nf3 d6 6.cxd4 Nc6 7.Bc4 dxe5 8.Nxe5 e6
9.O-O Bd6 10.Re1 O-O 11.Nxc6 bxc6 12.Nd2 Bb7 13.Ne4 Nb6 14.Bd3 Qc7 15.Nf6+ gxf6
16.Bxh7+ Kxh7 17.Qh5+ Kg8 18.Qg4+ Kh7 19.Re3 Bxh2+ 20.Kh1 Bg3 21.Rxg3 Qxg3
22.Qh5+ Kg7 23.Bh6+ Kg8 24.fxg3  1-0

[Event "Gibraltar Masters 2019"]
[Site "Caleta ENG"]
[Date "2019.01.26"]
[Round "5.110"]
[White "Vila Dupla,A"]
[Black "Hewson,Brian W R"]
[Result "1-0"]
[WhiteElo "2166"]
[BlackElo "2006"]

1.Nf3 d5 2.d4 Nf6 3.c4 e6 4.Bg5 Be7 5.e3 Nbd7 6.Nc3 c6 7.cxd5 exd5 8.Qc2 h6
9.Bh4 Nh5 10.Bxe7 Qxe7 11.O-O-O Nhf6 12.Bd3 O-O 13.Rhg1 Re8 14.h3 Ne4 15.Kb1 Nf8
16.Bxe4 dxe4 17.Nd2 Nh7 18.Ka1 Bf5 19.f4 Bg6 20.g4 f5 21.Nc4 Bf7 22.Ne5 Be6
23.Rg3 Qd6 24.Rdg1 Re7 25.Qg2 Qc7 26.Qe2 Rd8 27.gxf5 Bd5 28.Qh5 Rd6 29.Rg6 Rxg6
30.Rxg6 Nf8 31.Rg1 Qd6 32.Ng4 Kh7 33.f6 Rc7 34.fxg7 Rxg7 35.Qf5+ Kh8 36.Nxd5 cxd5
37.Rc1 Nh7 38.Rc8+ Rg8 39.Ne5 Qb4 40.Rxg8+ Kxg8 41.Qg6+  1-0